MARC details
| 000 -LEADER |
| fixed length control field |
00834nas a2200241 a 4500 |
| 003 - CONTROL NUMBER IDENTIFIER |
| control field |
CBULib |
| 005 - DATE AND TIME OF LATEST TRANSACTION |
| control field |
20240513080727.0 |
| 008 - FIXED-LENGTH DATA ELEMENTS--GENERAL INFORMATION |
| fixed length control field |
100618c20109999||||||||||||||||| || u |
| 020 ## - INTERNATIONAL STANDARD BOOK NUMBER |
| International Standard Book Number |
9789211127959 |
| 022 ## - INTERNATIONAL STANDARD SERIAL NUMBER |
| International Standard Serial Number |
1995-6088 |
| 040 ## - CATALOGING SOURCE |
| Original cataloging agency |
LC |
| Language of cataloging |
English |
| Transcribing agency |
CBUlib |
| Modifying agency |
CBUlib |
| Description conventions |
rda |
| 050 ## - LIBRARY OF CONGRESS CALL NUMBER |
| Classification number |
UN-CTAD(08) |
| 082 ## - DEWEY DECIMAL CLASSIFICATION NUMBER |
| Classification number |
UN-CTAD(08) |
| 110 ## - MAIN ENTRY--CORPORATE NAME |
| Corporate name or jurisdiction name as entry element |
United Nations Conference on Trade and Development (UNCTAD) |
| 245 10 - TITLE STATEMENT |
| Title |
Promoting Foreign Investment in Tourism |
| Statement of responsibility, etc. |
/By United Nations Conference on Trade and Development |
| 260 ## - PUBLICATION, DISTRIBUTION, ETC. |
| Place of publication, distribution, etc. |
New York |
| Name of publisher, distributor, etc. |
United Nations Conference on Trade and Development (UNCTAD) |
| Date of publication, distribution, etc. |
2010 |
| 300 ## - PHYSICAL DESCRIPTION |
| Extent |
vii, 67Pages |
| 350 ## - PRICE (NR) (BK AM CF MU VM SE) [OBSOLETE] |
| Price |
0.00 |
| 500 ## - GENERAL NOTE |
| General note |
Investment advisory series, series A, number 5 |
| 650 ## - SUBJECT ADDED ENTRY--TOPICAL TERM |
| Topical term or geographic name entry element |
INVESTMENTS, FOREIGN - TOURISM |
| 650 #0 - SUBJECT ADDED ENTRY--TOPICAL TERM |
| Topical term or geographic name entry element |
INVESTMENT ADVISORY SERIES |
| 9 (RLIN) |
2916 |
| 942 ## - ADDED ENTRY ELEMENTS (KOHA) |
| Source of classification or shelving scheme |
|
| Koha item type |
INTERNATIONAL PUBLICATIONS |
| Suppress in OPAC |
No |